Язык человека и машина. Приложение.(Рисунки, поясняющие алгоритмы и тексты, использованные в качестве примеров); Язык человека и машина. Автоматический лингвистический анализ естественного человеческого языка при помощи электронной вычислительной машины на примере английского научно-технического текста

গ্রন্থ-পঞ্জীর বিবরন
প্রধান লেখক: Бельская И. К. Изабелла Кузьминична
ভাষা:রুশ
প্রকাশিত: Москва, Изд-во Московского ун-та, 1969
বিষয়গুলি:
বিন্যাস: MixedMaterials গ্রন্থ
KOHA link:https://koha.lib.tpu.ru/cgi-bin/koha/opac-detail.pl?biblionumber=338033

MARC

LEADER 00000nam0a2200000 4500
001 338033
005 20231102005017.0
035 |a (RuTPU)RU\TPU\book\364521 
035 |a RU\TPU\book\364519 
090 |a 338033 
100 |a 20171117d1969 km y0rusy50 ca 
101 0 |a rus 
102 |a RU 
105 |a a z 001zy 
200 1 |a Язык человека и машина. Приложение.(Рисунки, поясняющие алгоритмы и тексты, использованные в качестве примеров)  |f И. К. Бельская 
210 |a Москва  |c Изд-во Московского ун-та  |d 1969 
215 |a 251 с.  |c ил. 
320 |a Библиогр.: с. 244-246 
422 1 |0 (RuTPU)RU\TPU\book\364519  |t Язык человека и машина. Автоматический лингвистический анализ естественного человеческого языка при помощи электронной вычислительной машины на примере английского научно-технического текста  |c Москва  |n Изд-во Московского ун-та  |d 1969  |p 410 с.  |a Бельская, Изабелла Кузьминична 
606 1 |a Языкознание прикладное  |2 stltpush  |3 (RuTPU)RU\TPU\subj\21811  |9 46746 
610 1 |a схемы 
610 1 |a алгоритмы 
610 1 |a автоматический анализ 
610 1 |a лингвистический анализ 
610 1 |a блок-схемы 
610 1 |a рисунки 
610 1 |a символы 
610 1 |a глаголы 
610 1 |a служебные слова 
610 1 |a знаки препинания 
610 1 |a синтаксические построения 
686 |a Ш11  |v LBC/SL-A  |2 rubbk 
700 1 |a Бельская  |b И. К.  |g Изабелла Кузьминична 
801 1 |a RU  |b 63413507  |c 20171117 
801 2 |a RU  |b 63413507  |c 20181012  |g RCR 
942 |c BK